Gaming Quiz

Random Gaming or Puzzle Quiz

Fill the Yahtzee Scorecard Quiz Stats

 Plays Quiz Updated Jul 30, 2016

Challenge
Share
Tweet
Embed
Score 0/13 Timer 03:00
1 Play Today
% Correct
⚀ ⚀ ⚀ ⚀ ⚁
92.5%
⚁ ⚁ ⚁ ⚁ ⚁
92.3%
⚀ ⚁ ⚁ ⚀ ⚁
90.5%
⚄ ⚅ ⚂ ⚅ ⚅
89.8%
⚂ ⚄ ⚄ ⚄ ⚄
89.7%
⚃ ⚃ ⚃ ⚀ ⚃
89%
⚂ ⚃ ⚂ ⚁ ⚂
86.9%
⚁ ⚄ ⚂ ⚅ ⚃
82.9%
⚃ ⚂ ⚁ ⚀ ⚂
79.6%
⚁ ⚄ ⚂ ⚅ ⚅
62.3%
⚃ ⚄ ⚁ ⚁ ⚄
59%
⚁ ⚀ ⚁ ⚄ ⚂
55%
⚀ ⚅ ⚁ ⚃ ⚀
50.3%

You're not logged in!

Compare scores with friends on all Sporcle quizzes.
OR
Log In

You Might Also Like...

Show Comments

Extras

Top Quizzes Today


Score Distribution

Your Account Isn't Verified!

In order to create a playlist on Sporcle, you need to verify the email address you used during registration. Go to your Sporcle Settings to finish the process.

Report this User

Report this user for behavior that violates our Community Guidelines.

Details: